000 00857nam a2200241 a 4500
001 44569
003 BD-RjUL
005 20211209053900.0
008 160718s1971 B ||||| |||| 00| 0 ben d
020 _c: TK 5.00
035 _a(BD-RjUL)44687
040 _aBD-RjUL
_bben
_cBD-RjUL
041 _aben
082 _223
_a321.8
_bBAG 1971
100 1 _aলিপসন, লেসলি
_9136742
245 1 0 _aগণতান্ত্রিক সভ্যতা /
_cআবুল বাশার (অনুবাদক)
260 _aঢাকা :
_bখোশরাজ কিতাব মহল,
_c১৯৭১
300 _a(10), ২৮৯ পৃ. ;
_c১৯ সেমি.
650 _aগণতান্ত্র
_9136743
650 _aDemocracy.
_9136744
700 _aবাশার, আবুল (অনুবাদক)
_9136745
942 _2ddc
_cBK
999 _c44569
_d44569